[Event "Swiss Queens Wed #9"]
[Site "FIDE Online Arena INT"]
[Date "2024.03.27"]
[Round "9"]
[White "Assaubayeva, Bibissara"]
[Black "Cori Tello, Deysi Estella"]
[Result "1-0"]
[WhiteElo "2472"]
[BlackElo "2389"]
[PlyCount "145"]
[EventDate "2024.03.27"]
[EventType "swiss (blitz)"]
[EventRounds "11"]
[EventCountry "NET"]
[SourceTitle "CB14_2024"]
[SourceDate "2024.04.01"]
[SourceVersion "1"]
[SourceVersionDate "2024.04.01"]
[SourceQuality "1"]

1. d4 g6 2. c4 Bg7 3. Nf3 f5 4. g3 Nf6 5. Bg2 d6 6. 0-0 0-0 7. Nc3 c6 8. b3 Qe8 9. Ba3 Kh8 10. Rc1 Nbd7 11. Re1 Ne4 12. Nxe4 fxe4 13. Ng5 e3 14. fxe3 Nf6 15. Qd3 Bh6 16. h4 Ng4 17. Rf1 Bxg5 18. hxg5 Bd7 19. e4 h5 20. e5 Rxf1+ 21. Rxf1 dxe5 22. dxe5 Be6 23. Be4 Rd8 24. Qb1 Kg7 25. Rd1 Rd7 26. Rxd7 Qxd7 27. Qd3 Qc7 28. Bb2 Qa5 29. Bc3 Qxa2 30. Bxg6 Qxb3 31. Bxh5 Qb6+ 32. e3 Qxe3+ 33. Qxe3 Nxe3 34. c5 Nd5 35. Bd4 a5 36. Kf2 a4 37. Ke2 a3 38. Kd2 Nb4 39. Kc3 Nd5+ 40. Kc2 Bf7 41. e6+ Kf8 42. exf7 Nb4+ 43. Kb3 Nd3 44. Kxa3 Ne1 45. g6 Nc2+ 46. Ka4 Nxd4 47. Ka5 Ne6 48. Kb6 Kg7 49. Bg4 Nf8 50. Bf5 Kf6 51. Kxb7 e6 52. Be4 Ke7 53. Kxc6 Nd7 54. g7 Ne5+ 55. Kb7 Kxf7 56. c6 Nxc6 57. Kxc6 Kxg7 58. Kd6 Kf6 59. Bf3 e5 60. g4 e4 61. Bxe4 Kg5 62. Bf5 Kf6 63. Kd5 Kg5 64. Ke5 Kh6 65. Kf4 Kg7 66. g5 Kf7 67. g6+ Kg7 68. Kg5 Kg8 69. Kf6 Kh8 70. g7+ Kg8 71. Be6+ Kh7 72. g8Q+ Kh6 73. Qg6# 1-0

[Event "Swiss Queens Wed #9"]
[Site "FIDE Online Arena INT"]
[Date "2024.03.27"]
[Round "11"]
[White "Gunina, Valentina"]
[Black "Assaubayeva, Bibissara"]
[Result "0-1"]
[WhiteElo "2437"]
[BlackElo "2472"]
[PlyCount "180"]
[EventDate "2024.03.27"]
[EventType "swiss (blitz)"]
[EventRounds "11"]
[EventCountry "NET"]
[SourceTitle "CB14_2024"]
[SourceDate "2024.04.01"]
[SourceVersion "1"]
[SourceVersionDate "2024.04.01"]
[SourceQuality "1"]

1. d4 Nf6 2. c4 g6 3. Nc3 Bg7 4. e4 d6 5. Nf3 0-0 6. Be2 e5 7. Be3 Ng4 8. Bg5 f6 9. Bc1 Nc6 10. 0-0 f5 11. dxe5 Ngxe5 12. Nxe5 dxe5 13. Qxd8 Nxd8 14. exf5 gxf5 15. b3 c6 16. Ba3 Rf7 17. Rad1 Rd7 18. h3 Ne6 19. Rxd7 Bxd7 20. Rd1 Be8 21. g4 e4 22. gxf5 Nf4 23. f6 Bxf6 24. Nxe4 Nxe2+ 25. Kf1 Bg7 26. Kxe2 Bh5+ 27. f3 Re8 28. Ke3 Bh6+ 29. Kf2 Bg7 30. Rg1 Kh8 31. Rg5 Bg6 32. Bc5 b6 33. Bd6 Bxe4 34. fxe4 Rxe4 35. Kf3 Re6 36. c5 Bf6 37. Rf5 Kg7 38. Bb8 Kg6 39. Rf4 Re7 40. Bd6 Re6 41. Bb8 bxc5 42. Bxa7 Bd4 43. b4 Re3+ 44. Kg2 Re2+ 45. Kf1 Rxa2 46. bxc5 Be5 47. Rg4+ Kf5 48. Bb6 h5 49. Rg8 h4 50. Bd8 Bg3 51. Rf8+ Ke4 52. Be7 Ra1+ 53. Ke2 Ra2+ 54. Kd1 Ra1+ 55. Kc2 Rh1 56. Rf6 Kd5 57. Rf5+ Ke6 58. Rf6+ Kxe7 59. Rxc6 Rxh3 60. Rh6 Rh2+ 61. Kd3 Ra2 62. Ke4 Kd7 63. Kd5 Rd2+ 64. Kc4 Kc7 65. Kb5 Rb2+ 66. Kc4 Rc2+ 67. Kd5 Rd2+ 68. Kc4 Bf2 69. Rh7+ Rd7 70. Rh6 Rf7 71. Kb5 Rf4 72. Rh7+ Kd8 73. Rh8+ Kc7 74. Rh7+ Kd8 75. Rh8+ Ke7 76. Rh7+ Rf7 77. Rh5 Bg3 78. Rh6 Rf6 79. Rh5 Ke6 80. Kb6 Kf7+ 81. c6 Kg6 82. Rh8 Kg5 83. Kb7 Kg4 84. Rg8+ Kh3 85. Kb6 Kg2 86. Kc5 Rf5+ 87. Kd4 Kh2 88. Rg4 h3 89. Rg8 Rf7 90. Ke3 Kg2 0-1

[Event "Moscow Aeroflot op-A"]
[Site "Moscow"]
[Date "2024.03.07"]
[Round "9"]
[White "Galaktionov, Artem"]
[Black "Assaubayeva, Bibissara"]
[Result "0-1"]
[WhiteElo "2305"]
[BlackElo "2472"]
[PlyCount "182"]
[EventDate "2024.03.03"]
[EventType "swiss"]
[EventRounds "9"]
[EventCountry "RUS"]
[SourceTitle "CB11_2024"]
[SourceDate "2024.03.13"]
[SourceVersion "1"]
[SourceVersionDate "2024.03.13"]
[SourceQuality "1"]

1. d4 Nf6 2. Nf3 g6 3. c4 Bg7 4. Nc3 d6 5. e4 0-0 6. Be2 e5 7. 0-0 h6 8. dxe5 dxe5 9. Nxe5 Nxe4 10. Nxe4 Bxe5 11. Bxh6 Qh4 12. f4 Qxh6 13. fxe5 Qe3+ 14. Nf2 Nc6 15. Re1 Qxe5 16. Qc1 Re8 17. Bf3 Qxe1+ 18. Qxe1 Rxe1+ 19. Rxe1 Be6 20. Bxc6 bxc6 21. b3 a5 22. Nd3 a4 23. Kf2 axb3 24. axb3 Kg7 25. Ne5 Ra3 26. Re3 c5 27. h4 Bc8 28. g3 Ra2+ 29. Re2 Ra3 30. Rb2 Bf5 31. Ke3 Ra1 32. Nf3 Kf6 33. Rf2 Ke7 34. Kf4 Be6 35. Ne5 Rb1 36. Rf3 Kf6 37. Ng4+ Kg7 38. Nf2 Bc8 39. Rd3 Bb7 40. Nd1 Kf6 41. Ne3 Ke6 42. Nd1 f5 43. Ne3 Be4 44. Rd8 Rb2 45. Rg8 Rf2+ 46. Kg5 Rf3 47. Nd5 Rxg3+ 48. Kh6 Bxd5 49. cxd5+ Kxd5 50. Rxg6 Rxg6+ 51. Kxg6 f4 52. h5 f3 53. h6 f2 54. h7 f1Q 55. h8Q Qd3+ 56. Kf7 Qxb3 57. Qh1+ Kd6+ 58. Kf8 Qd5 59. Qh6+ Qe6 60. Qf4+ Qe5 61. Qh6+ Kd5 62. Qd2+ Kc6 63. Qa5 Qf4+ 64. Ke7 c4 65. Qa4+ Kc5 66. Qa3+ Kd5 67. Qa2 c6 68. Kd7 Qf7+ 69. Kc8 Qe8+ 70. Kc7 Qe7+ 71. Kc8 Qe4 72. Kc7 Kd4 73. Qd2+ Qd3 74. Qf2+ Qe3 75. Qh4+ Kd3 76. Qh7+ Qe4 77. Qh3+ Kc2 78. Qa3 c3 79. Qa2+ Kd1 80. Qa1+ Kd2 81. Qa5 Qd5 82. Qb4 c5 83. Qa5 Qd4 84. Kc8 Qg4+ 85. Kc7 Qb4 86. Qa8 c2 87. Qg2+ Kc3 88. Qf3+ Kb2 89. Qg2 c4 90. Qf2 Qa5+ 91. Kc8 Kb1 0-1

[Event "Moscow Aeroflot op-A"]
[Site "Moscow"]
[Date "2024.03.04"]
[Round "4"]
[White "Assaubayeva, Bibissara"]
[Black "Martirosyan, Haik M"]
[Result "1/2-1/2"]
[WhiteElo "2472"]
[BlackElo "2681"]
[PlyCount "84"]
[EventDate "2024.03.03"]
[EventType "swiss"]
[EventRounds "9"]
[EventCountry "RUS"]
[SourceTitle "CB11_2024"]
[SourceDate "2024.03.13"]
[SourceVersion "1"]
[SourceVersionDate "2024.03.13"]
[SourceQuality "1"]

1. c4 e5 2. g3 Nf6 3. Bg2 d5 4. cxd5 Nxd5 5. Nf3 Nc6 6. 0-0 Nb6 7. Nc3 Be7 8. Rb1 f6 9. a3 Be6 10. d3 0-0 11. b4 a5 12. b5 Nd4 13. Nd2 Qc8 14. e3 Nf5 15. Nde4 Rd8 16. Qe2 a4 17. Bb2 Nh6 18. Rfc1 Nf7 19. Nd1 Qd7 20. d4 exd4 21. exd4 Nd5 22. Nc5 Bxc5 23. Rxc5 Re8 24. Ne3 Nxe3 25. fxe3 b6 26. Rc3 Bd5 27. Rxc7 Qxc7 28. Bxd5 Rad8 29. Bc6 Re6 30. e4 Rxc6 31. bxc6 Qxc6 32. d5 Qc5+ 33. Kg2 Re8 34. Qd3 Qe7 35. Re1 Qd7 36. h4 b5 37. Re2 h6 38. Bc3 Rc8 39. Bb2 Rc4 40. e5 fxe5 41. Bxe5 Rc5 42. Bxg7 Qxd5+ 1/2-1/2

[Event "Swiss Queens Wed #1"]
[Site "FIDE Online Arena INT"]
[Date "2024.01.31"]
[Round "7"]
[White "Assaubayeva, Bibissara"]
[Black "Nguyen, Hong Nhung"]
[Result "0-1"]
[WhiteElo "2472"]
[BlackElo "2063"]
[PlyCount "52"]
[EventDate "2024.01.31"]
[EventType "swiss (blitz)"]
[EventRounds "11"]
[EventCountry "NET"]
[SourceTitle "CB06_2024"]
[SourceDate "2024.02.07"]
[SourceVersion "1"]
[SourceVersionDate "2024.02.07"]
[SourceQuality "1"]

1. d4 Nf6 2. c4 c5 3. d5 b5 4. cxb5 a6 5. bxa6 g6 6. Nc3 Bg7 7. Nf3 0-0 8. e4 Qa5 9. e5 Ne4 10. Bd2 Nxd2 11. Qxd2 Bxa6 12. Bxa6 Qxa6 13. h4 d6 14. e6 fxe6 15. dxe6 Qc4 16. h5 Qxe6+ 17. Ne2 Nc6 18. hxg6 hxg6 19. 0-0 Ra4 20. Rfe1 Ne5 21. Nxe5 Bxe5 22. Nc3 Rd4 23. Qe2 Qf5 24. Ne4 Rxe4 25. Qxe4 Qxf2+ 26. Kh1 Rf5 0-1

[Event "Swiss Queens Wed #1"]
[Site "FIDE Online Arena INT"]
[Date "2024.01.31"]
[Round "4"]
[White "Narva, Mai"]
[Black "Assaubayeva, Bibissara"]
[Result "1-0"]
[WhiteElo "2400"]
[BlackElo "2472"]
[PlyCount "93"]
[EventDate "2024.01.31"]
[EventType "swiss (blitz)"]
[EventRounds "11"]
[EventCountry "NET"]
[SourceTitle "CB06_2024"]
[SourceDate "2024.02.07"]
[SourceVersion "1"]
[SourceVersionDate "2024.02.07"]
[SourceQuality "1"]

1. e4 c5 2. Nf3 d6 3. Bb5+ Bd7 4. Bxd7+ Qxd7 5. 0-0 Nf6 6. Qe2 Nc6 7. c3 e6 8. d4 cxd4 9. cxd4 d5 10. e5 Ne4 11. Be3 Be7 12. Ne1 f6 13. f3 Ng5 14. Nd3 0-0 15. Nd2 Rac8 16. Rac1 fxe5 17. dxe5 Nf7 18. f4 Bd8 19. Nb3 Bb6 20. Bxb6 axb6 21. Qf2 Nfxe5 22. Nxe5 Nxe5 23. Rxc8 Qxc8 24. Qxb6 Nd3 25. Qd4 Qc4 26. g3 Nb4 27. Qe5 Rf6 28. Qb8+ Rf8 29. Qe5 Qc6 30. Rc1 Qb6+ 31. Qd4 Qb5 32. Rc7 Rf7 33. Rc5 Qa4 34. Ra5 Qc6 35. Qxb4 h6 36. Rc5 Qa6 37. a3 Qe2 38. Qd2 Qf3 39. Rc3 Qe4 40. Qe3 Qb1+ 41. Qc1 Qe4 42. Qc2 Qe1+ 43. Kg2 Rf8 44. Nd4 e5 45. Nf3 Qe4 46. Qxe4 dxe4 47. Nxe5 1-0

[Event "Titled Tuesday intern op 16th Jan Early"]
[Site "Chess.com INT"]
[Date "2024.01.16"]
[Round "5"]
[White "Le, Tuan Minh"]
[Black "Assaubayeva, Bibissara"]
[Result "1-0"]
[WhiteElo "2567"]
[BlackElo "2472"]
[PlyCount "51"]
[EventDate "2024.01.16"]
[EventType "swiss (blitz)"]
[EventRounds "11"]
[EventCountry "USA"]
[SourceTitle "CB04_2024"]
[SourceDate "2023.10.16"]
[SourceVersion "1"]
[SourceVersionDate "2023.10.16"]
[SourceQuality "1"]

1. d4 Nf6 2. Nf3 g6 3. Bg5 Bg7 4. Nbd2 0-0 5. c3 d6 6. e4 c5 7. dxc5 dxc5 8. Bc4 Nc6 9. Qe2 Qc7 10. 0-0 Na5 11. Bd3 h6 12. Bh4 Nh5 13. Qe3 g5 14. Bg3 Nxg3 15. hxg3 b6 16. Rfe1 Nc6 17. e5 g4 18. Qe4 Rd8 19. e6 Bxe6 20. Nh4 Ne5 21. Qh7+ Kf8 22. Bf5 Bd5 23. Nf1 e6 24. Ne3 exf5 25. Nexf5 f6 26. Rxe5 1-0

[Event "Wch Blitz (Women)"]
[Site "Samarkand"]
[Date "2023.12.30"]
[Round "10"]
[White "Assaubayeva, Bibissara"]
[Black "Kamalidenova, Meruert"]
[Result "1-0"]
[WhiteElo "2472"]
[BlackElo "2383"]
[PlyCount "74"]
[EventDate "2023.12.29"]
[EventType "swiss (blitz)"]
[EventRounds "17"]
[EventCountry "UZB"]
[SourceTitle "CB01_2024"]
[SourceDate "2024.01.03"]
[SourceVersion "1"]
[SourceVersionDate "2024.01.03"]
[SourceQuality "1"]

1. d4 Nf6 2. c4 g6 3. Nc3 Bg7 4. e4 d6 5. Be2 0-0 6. Be3 Nc6 7. d5 Ne5 8. Rc1 c6 9. Nf3 Nfg4 10. Bd4 c5 11. Bxe5 Nxe5 12. Nxe5 Bxe5 13. 0-0 b5 14. cxb5 a6 15. a4 axb5 16. axb5 Bd7 17. Qd2 Qb6 18. Ra1 Rfb8 19. h3 Ra7 20. Rfb1 Rba8 21. Rxa7 Qxa7 22. Bc4 Qa5 23. Qd3 Qb4 24. Na2 Qa5 25. b4 Qb6 26. bxc5 Qxc5 27. Nb4 Bd4 28. Nc6 Bxf2+ 29. Kh1 Bh4 30. Rf1 Ra3 31. Bb3 Kg7 32. Rb1 Bf6 33. Qc4 Qf2 34. Qd3 Qf4 35. Rf1 Rxb3 36. Qc4 Rc3 37. Qe2 Rc1 1-0

[Event "Wch Blitz (Women)"]
[Site "Samarkand"]
[Date "2023.12.30"]
[Round "11"]
[White "Assaubayeva, Bibissara"]
[Black "Kosteniuk, Alexandra"]
[Result "0-1"]
[WhiteElo "2472"]
[BlackElo "2501"]
[PlyCount "114"]
[EventDate "2023.12.29"]
[EventType "swiss (blitz)"]
[EventRounds "17"]
[EventCountry "UZB"]
[SourceTitle "CB01_2024"]
[SourceDate "2024.01.03"]
[SourceVersion "1"]
[SourceVersionDate "2024.01.03"]
[SourceQuality "1"]

1. d4 f5 2. Nc3 Nf6 3. Bg5 d5 4. Bxf6 exf6 5. e3 c6 6. Bd3 Qb6 7. Rb1 Be6 8. Qf3 g6 9. g4 Nd7 10. gxf5 Bf7 11. fxg6 hxg6 12. Nge2 0-0-0 13. h4 Bd6 14. a3 Rde8 15. b4 f5 16. h5 Qd8 17. Kd2 Qf6 18. hxg6 Bxg6 19. Nf4 Bf7 20. Rxh8 Rxh8 21. Rh1 Rxh1 22. Qxh1 Bxf4 23. exf4 Qxd4 24. Ne2 Qf6 25. Qh7 Be6 26. Qh5 Nb6 27. Qe8+ Kc7 28. Ng3 Nc4+ 29. Bxc4 dxc4 30. Ne2 Bd7 31. Qe5+ Qd6+ 32. Nd4 b6 33. Ke3 c5 34. bxc5 bxc5 35. Nf3 Ba4 36. c3 Kc6 37. Qxf5 Qd1 38. Ne5+ Kb6 39. Nxc4+ Kb5 40. Qd3 Qe1+ 41. Kf3 Qh1+ 42. Kg3 Qg1+ 43. Kh3 Qh1+ 44. Kg4 Bd1+ 45. Kg5 Qh5+ 46. Kf6 Qh8+ 47. Ke7 Qg7+ 48. Kd6 Qf6+ 49. Kd7 Qf7+ 50. Kc8 Bg4+ 51. Kb8 Qxc4 52. Qb1+ Ka5 53. Qg6 Qb5+ 54. Kxa7 Qd7+ 55. Kb8 Qc8+ 56. Ka7 Qc7+ 57. Ka8 Bf3+ 0-1

[Event "Wch Blitz (Women)"]
[Site "Samarkand"]
[Date "2023.12.30"]
[Round "15"]
[White "Assaubayeva, Bibissara"]
[Black "Lagno, Kateryna"]
[Result "1-0"]
[WhiteElo "2472"]
[BlackElo "2542"]
[PlyCount "57"]
[EventDate "2023.12.29"]
[EventType "swiss (blitz)"]
[EventRounds "17"]
[EventCountry "UZB"]
[SourceTitle "CB01_2024"]
[SourceDate "2024.01.03"]
[SourceVersion "1"]
[SourceVersionDate "2024.01.03"]
[SourceQuality "1"]

1. d4 Nf6 2. c4 e6 3. Nf3 d5 4. Nc3 Nbd7 5. Qc2 c5 6. cxd5 Nxd5 7. Bg5 Be7 8. Bxe7 Qxe7 9. Nxd5 exd5 10. dxc5 Nxc5 11. e3 0-0 12. Bd3 Nxd3+ 13. Qxd3 Bg4 14. Nd4 Qg5 15. Qd2 h5 16. 0-0 h4 17. f4 Qf6 18. h3 Bh5 19. f5 Rfe8 20. Rf4 Re5 21. Qf2 Re4 22. Rxe4 dxe4 23. Qf4 Re8 24. Rc1 Re7 25. Rc8+ Kh7 26. Qb8 g6 27. Qf4 Re5 28. fxg6+ Kg7 29. Rg8+ 1-0

[Event "Wch Blitz (Women)"]
[Site "Samarkand"]
[Date "2023.12.29"]
[Round "4"]
[White "Assaubayeva, Bibissara"]
[Black "Gunina, Valentina"]
[Result "0-1"]
[WhiteElo "2472"]
[BlackElo "2437"]
[PlyCount "64"]
[EventDate "2023.12.29"]
[EventType "swiss (blitz)"]
[EventRounds "17"]
[EventCountry "UZB"]
[SourceTitle "CB01_2024"]
[SourceDate "2024.01.03"]
[SourceVersion "1"]
[SourceVersionDate "2024.01.03"]
[SourceQuality "1"]

1. d4 d5 2. c4 c6 3. Nf3 Nf6 4. e3 Bg4 5. h3 Bxf3 6. Qxf3 e6 7. a3 Nbd7 8. Nc3 Bd6 9. Bd2 0-0 10. Be2 Qe7 11. 0-0 dxc4 12. Bxc4 e5 13. Rfe1 e4 14. Qd1 Nb6 15. Ba2 Rad8 16. Qc2 Bb8 17. a4 Nbd5 18. Bxd5 cxd5 19. a5 Qc7 20. Kf1 Qh2 21. Ne2 Qh1+ 22. Ng1 Bh2 23. Ke2 Qxg2 24. Bb4 Rc8 25. Qb3 Rfe8 26. Bc5 Nh5 27. Qxd5 b6 28. axb6 Ng3+ 29. Kd1 axb6 30. Ra7 Qxf2 31. Ne2 bxc5 32. Nf4 Rf8 0-1

[Event "Wch Blitz (Women)"]
[Site "Samarkand"]
[Date "2023.12.29"]
[Round "1"]
[White "Balajayeva, Khanim Asad Qizi"]
[Black "Assaubayeva, Bibissara"]
[Result "0-1"]
[WhiteElo "2350"]
[BlackElo "2472"]
[PlyCount "84"]
[EventDate "2023.12.29"]
[EventType "swiss (blitz)"]
[EventRounds "17"]
[EventCountry "UZB"]
[SourceTitle "CB01_2024"]
[SourceDate "2024.01.03"]
[SourceVersion "1"]
[SourceVersionDate "2024.01.03"]
[SourceQuality "1"]

1. e4 c5 2. Nf3 d6 3. d4 cxd4 4. Nxd4 Nf6 5. Nc3 a6 6. Be2 e5 7. Nb3 Be7 8. g4 Be6 9. g5 Nfd7 10. h4 Nb6 11. Be3 N8d7 12. Qd2 Rc8 13. 0-0-0 Qc7 14. h5 Nc4 15. Bxc4 Bxc4 16. g6 fxg6 17. hxg6 h6 18. Kb1 Nf6 19. f3 b5 20. Rh2 a5 21. Nc1 a4 22. Nd5 Bxd5 23. exd5 Qc4 24. b3 axb3 25. axb3 Qc3 26. Na2 Qxd2 27. Rdxd2 Kd7 28. Nb4 Rc3 29. Rhe2 Nh5 30. Kb2 Rcc8 31. Re1 Bf6 32. Rh1 Ng3 33. Rg1 Nf5 34. Re1 e4+ 35. Kb1 Bc3 36. fxe4 Nxe3 37. Rd3 Bxe1 38. Nc6 Ng4 39. c4 bxc4 40. bxc4 Ne5 41. Nxe5+ dxe5 42. Rf3 Rhf8 0-1

[Event "Wch Blitz (Women)"]
[Site "Samarkand"]
[Date "2023.12.29"]
[Round "5"]
[White "Bodnaruk, Anastasia"]
[Black "Assaubayeva, Bibissara"]
[Result "1-0"]
[WhiteElo "2340"]
[BlackElo "2472"]
[PlyCount "81"]
[EventDate "2023.12.29"]
[EventType "swiss (blitz)"]
[EventRounds "17"]
[EventCountry "UZB"]
[SourceTitle "CB01_2024"]
[SourceDate "2024.01.03"]
[SourceVersion "1"]
[SourceVersionDate "2024.01.03"]
[SourceQuality "1"]

1. e4 c5 2. Nc3 g6 3. Nge2 Bg7 4. g3 Nc6 5. Bg2 Rb8 6. d3 b5 7. Be3 b4 8. Na4 d6 9. 0-0 Bd7 10. c4 Nf6 11. h3 0-0 12. b3 Ne8 13. Rb1 e5 14. f4 Nc7 15. f5 f6 16. Qd2 Ne7 17. g4 Bxa4 18. bxa4 Ne8 19. h4 Qa5 20. Ng3 Qxa4 21. g5 Kh8 22. Bh3 gxf5 23. Nxf5 Nxf5 24. Bxf5 Nc7 25. Qe2 Qe8 26. Kh2 Ne6 27. Qg4 Nf4 28. Bxf4 exf4 29. g6 Bh6 30. gxh7 Rb7 31. Rg1 Rg7 32. Qf3 a5 33. Rxg7 Bxg7 34. Rg1 a4 35. Qg4 Bh6 36. Be6 Kxh7 37. Qf5+ Kh8 38. Rg6 Rf7 39. Rxh6+ Kg8 40. Qg6+ Kf8 41. Rh8+ 1-0

[Event "Wch Blitz (Women)"]
[Site "Samarkand"]
[Date "2023.12.29"]
[Round "9"]
[White "Divya, Deshmukh"]
[Black "Assaubayeva, Bibissara"]
[Result "1/2-1/2"]
[WhiteElo "2420"]
[BlackElo "2472"]
[PlyCount "62"]
[EventDate "2023.12.29"]
[EventType "swiss (blitz)"]
[EventRounds "17"]
[EventCountry "UZB"]
[SourceTitle "CB01_2024"]
[SourceDate "2024.01.03"]
[SourceVersion "1"]
[SourceVersionDate "2024.01.03"]
[SourceQuality "1"]

1. e4 c5 2. Nf3 d6 3. Bb5+ Nd7 4. Be2 Ngf6 5. Nc3 g6 6. d4 cxd4 7. Nxd4 Bg7 8. Be3 a6 9. Qd2 b5 10. f3 Bb7 11. 0-0 0-0 12. a4 b4 13. Na2 a5 14. c3 d5 15. exd5 Nxd5 16. cxb4 Nxe3 17. Qxe3 Qb6 18. Nc2 Qxe3+ 19. Nxe3 axb4 20. Nxb4 Nc5 21. Ned5 e6 22. Nb6 Ra5 23. Bb5 Nxa4 24. Bxa4 Bd4+ 25. Kh1 Bxb6 26. b3 Bc5 27. Nd3 Bd4 28. Rac1 e5 29. Rfd1 e4 30. fxe4 Bxe4 31. Rc4 Bxd3 1/2-1/2

[Event "Wch Rapid (Women)"]
[Site "Samarkand"]
[Date "2023.12.27"]
[Round "8"]
[White "Assaubayeva, Bibissara"]
[Black "Zhai, Mo"]
[Result "0-1"]
[WhiteElo "2472"]
[BlackElo "2339"]
[PlyCount "84"]
[EventDate "2023.12.26"]
[EventType "swiss (rapid)"]
[EventRounds "11"]
[EventCountry "UZB"]
[SourceTitle "CB01_2024"]
[SourceDate "2024.01.03"]
[SourceVersion "1"]
[SourceVersionDate "2024.01.03"]
[SourceQuality "1"]

1. c4 Nf6 2. Nc3 e5 3. Nf3 Nc6 4. e4 Bb4 5. d3 d6 6. Be2 a5 7. h3 0-0 8. 0-0 Bc5 9. Be3 Nd4 10. Bxd4 exd4 11. Nb5 Nh5 12. Qd2 c6 13. Nbxd4 Qf6 14. Nb3 Bb4 15. Qe3 a4 16. Nbd2 Nf4 17. Kh2 Qh6 18. h4 Bg4 19. Bd1 Bxd2 20. Nxd2 Qxh4+ 21. Kg1 Bxd1 22. Rfxd1 Qg4 23. Qf3 f5 24. Qxg4 fxg4 25. Nb1 Ne2+ 26. Kf1 Nd4 27. Rd2 Rf6 28. Na3 g3 29. Nc2 Nxc2 30. Rxc2 Raf8 31. f3 g5 32. Ke2 g4 33. Rf1 gxf3+ 34. gxf3 h5 35. Ke3 Rf4 36. c5 dxc5 37. Rxc5 h4 38. Ke2 Kh7 39. e5 R8f5 40. Ke3 g2 41. Rg1 h3 42. e6 h2 0-1

[Event "Wch Rapid (Women)"]
[Site "Samarkand"]
[Date "2023.12.27"]
[Round "5"]
[White "Mamedjarova, Turkan"]
[Black "Assaubayeva, Bibissara"]
[Result "0-1"]
[WhiteElo "2226"]
[BlackElo "2472"]
[PlyCount "120"]
[EventDate "2023.12.26"]
[EventType "swiss (rapid)"]
[EventRounds "11"]
[EventCountry "UZB"]
[SourceTitle "CB01_2024"]
[SourceDate "2024.01.03"]
[SourceVersion "1"]
[SourceVersionDate "2024.01.03"]
[SourceQuality "1"]

1. d4 Nf6 2. c4 g6 3. Nc3 Bg7 4. Nf3 d6 5. g3 0-0 6. Bg2 Bd7 7. 0-0 Qc8 8. Re1 Re8 9. e4 e5 10. dxe5 dxe5 11. Nd5 Bg4 12. Qa4 Bxf3 13. Bxf3 Nc6 14. Be3 Nd4 15. Bxd4 exd4 16. Qa3 Qd8 17. Qb3 Rb8 18. Nxf6+ Qxf6 19. Bg2 d3 20. Qxd3 Qxb2 21. a4 Bd4 22. Qf3 c5 23. Rab1 Qa2 24. h4 Qxc4 25. Kh2 Qxa4 26. Bf1 Re6 27. e5 b6 28. Bh3 Rxe5 29. Rxe5 Bxe5 30. h5 Rd8 31. Re1 Qd4 32. h6 Kf8 33. Be6 f6 34. Re4 Qd6 35. Ba2 b5 36. Qb3 c4 37. Qxb5 Qd2 38. Qc5+ Bd6 39. Qxa7 Qxh6+ 40. Kg2 Qg7 41. Qd4 f5 42. Re8+ Rxe8 43. Qxd6+ Qe7 44. Qa6 c3 45. Kh2 Kg7 46. Qc4 Qf6 47. Qc7+ Re7 48. Qc8 Kh6 49. Kh3 f4 50. g4 Re2 51. Bd5 Rd2 52. Be4 Qe7 53. Qc4 Rxf2 54. Qd4 Re2 55. Bf3 Re3 56. Qxf4+ g5 57. Qf5 c2 58. Qxc2 Rxf3+ 59. Kg2 Re3 60. Qc6+ Re6 0-1

[Event "Wch Rapid (Women)"]
[Site "Samarkand"]
[Date "2023.12.27"]
[Round "7"]
[White "Pourkashiyan, Atousa"]
[Black "Assaubayeva, Bibissara"]
[Result "0-1"]
[WhiteElo "2259"]
[BlackElo "2472"]
[PlyCount "90"]
[EventDate "2023.12.26"]
[EventType "swiss (rapid)"]
[EventRounds "11"]
[EventCountry "UZB"]
[SourceTitle "CB01_2024"]
[SourceDate "2024.01.03"]
[SourceVersion "1"]
[SourceVersionDate "2024.01.03"]
[SourceQuality "1"]

1. e4 e5 2. Nf3 Nc6 3. Bb5 a6 4. Ba4 d6 5. 0-0 Bd7 6. c3 g6 7. d4 Bg7 8. d5 Nce7 9. c4 h6 10. Nc3 f5 11. Bxd7+ Qxd7 12. Ne1 Nf6 13. f3 0-0 14. Nd3 c6 15. dxc6 bxc6 16. Be3 c5 17. exf5 gxf5 18. Qd2 Kh7 19. Rad1 Qe6 20. b3 Nc6 21. f4 e4 22. Nf2 Nd4 23. Ne2 Nxe2+ 24. Qxe2 Rad8 25. Rd2 Rd7 26. Rfd1 Rfd8 27. h3 Qg8 28. Kh1 h5 29. Rg1 Qf7 30. Nd1 d5 31. cxd5 Nxd5 32. Bxc5 Nxf4 33. Rxd7 Rxd7 34. Qe3 Nd3 35. Nf2 Bh6 36. Qe2 Nxc5 37. Rf1 Rd2 38. Qe1 e3 39. b4 exf2 40. Qe5 Ne4 41. g3 Rd5 42. Qb8 f4 43. Kg2 Qg7 44. Qc8 f3+ 45. Kxf3 Qxg3+ 0-1

[Event "FIDE Grand Swiss (Women)"]
[Site "Douglas"]
[Date "2023.10.30"]
[Round "6"]
[White "Muzychuk, Anna"]
[Black "Assaubayeva, Bibissara"]
[Result "1-0"]
[WhiteElo "2510"]
[BlackElo "2469"]
[PlyCount "127"]
[EventDate "2023.10.25"]
[EventType "swiss"]
[EventRounds "11"]
[EventCountry "IOM"]
[SourceTitle "Mega2024 Update 01"]
[Source "Chessbase"]
[SourceDate "2023.11.12"]
[SourceVersion "1"]
[SourceVersionDate "2023.11.12"]
[SourceQuality "1"]

1. e4 c5 2. c3 d5 3. exd5 Qxd5 4. Nf3 g6 5. d4 Bg7 6. Nbd2 cxd4 7. Bc4 Qd8 8. Nxd4 Nf6 9. 0-0 0-0 10. N2f3 Qc7 11. Qe2 Bg4 12. h3 Bxf3 13. Nxf3 Nc6 14. Be3 Na5 15. Bb3 Nxb3 16. axb3 a6 17. Bd4 Nd5 18. Rfd1 Rfd8 19. Bxg7 Kxg7 20. b4 Kg8 21. g3 Nf6 22. Ne5 Rxd1+ 23. Rxd1 Rd8 24. Rxd8+ Qxd8 25. Qc4 e6 26. Qf4 Kg7 27. g4 Qe7 28. Qd4 Kg8 29. c4 Ne8 30. Qc5 Qd8 31. b5 axb5 32. Qxb5 Qd1+ 33. Kg2 Nd6 34. Qc5 b6 35. Qe3 Nxc4 36. Nxc4 Qd5+ 37. Kg1 Qxc4 38. Qxb6 Kg7 39. b4 h5 40. Qc5 Qd3 41. gxh5 Qxh3 42. Qd4+ f6 43. h6+ Qxh6 44. Qd7+ Kf8 45. b5 Qg5+ 46. Kf1 Qc1+ 47. Kg2 Qg5+ 48. Kf3 Qf5+ 49. Ke3 Qc5+ 50. Kd3 Qb6 51. Kc4 g5 52. Qd4 Qa5 53. Qxf6+ Kg8 54. Qg6+ Kf8 55. Qf6+ Kg8 56. Qxe6+ Kg7 57. Qf5 Kh6 58. Qf6+ Kh5 59. b6 Qa4+ 60. Kc5 Qc2+ 61. Kd6 Qd3+ 62. Ke7 Qe4+ 63. Kf8 Kh4 64. f4 1-0

[Event "Qatar Masters op"]
[Site "Doha"]
[Date "2023.10.14"]
[Round "4"]
[White "Assaubayeva, Bibissara"]
[Black "Mayank, Chakraborty"]
[Result "1/2-1/2"]
[WhiteElo "2469"]
[BlackElo "2333"]
[PlyCount "63"]
[EventDate "2023.10.11"]
[EventType "swiss"]
[EventRounds "9"]
[EventCountry "QAT"]
[SourceTitle "Mega2024 Update 01"]
[Source "Chessbase"]
[SourceDate "2023.11.12"]
[SourceVersion "1"]
[SourceVersionDate "2023.11.12"]
[SourceQuality "1"]

1. d4 Nf6 2. c4 e6 3. Nf3 d5 4. Nc3 Bb4 5. Qa4+ Nc6 6. e3 0-0 7. Qc2 b6 8. a3 Bxc3+ 9. Qxc3 Ba6 10. b4 Bxc4 11. Bxc4 dxc4 12. Qxc4 Qd5 13. Qxd5 exd5 14. Bd2 Nd8 15. 0-0 Ne4 16. Rfc1 Ne6 17. b5 Rfc8 18. Rab1 f6 19. a4 a6 20. Rc2 axb5 21. axb5 Nd6 22. Ne1 Nc4 23. Bb4 Ra4 24. Nd3 Rca8 25. h4 Ra1 26. Rcc1 Rxb1 27. Rxb1 Kf7 28. Be1 Na3 29. Rb2 Nc4 30. Rb1 Na3 31. Rb2 Nc4 32. Rb1 1/2-1/2